000 00843nam a2200241 a 4500
003 OSt
005 20130625175946.0
008 130625s1991 sz ||||| |||| 00| 0 spa d
020 _a92 4 320810 1
040 _cBiblioteca Medicina
041 _aspa
082 _aOMS IT 810
110 _aOrganizacion Mundial de la Salud
_91006
245 0 0 _aAtencion a los pacientes con enfermedades de transmision sexual.
_bInforme de un Grupo de Estudio de la OMS
250 _a1° ed.
260 _aGinebra
_bOrganizacion Mundial de la Salud
_c1991
300 _a113 p.
440 0 0 _aInformes Tecnicos
_n810
_92457
653 _aENFERMEDADES DE TRANSMISION SEXUAL
653 _aPLANIFICACION DE LA ATENCION DEL PACIENTE
942 _2ddc
_cPH
999 _c1519
_d1519
952 _pH0040
_40
_00
_bBFM
_10
_oOMS IT 810
_d2013-06-25
_tEj. 1
_8NFIC
_70
_cCR
_2ddc
_yPH
_aBFM